[Event "Guelph Winter Pro-Am U2000"]
[Site "Guelph"]
[Date "2012.02.11"]
[Round "3"]
[White "Hare, Scott"]
[Black "Cservenyi, Zoltan"]
[Result "1-0"]
[WhiteElo "1946"]
[BlackElo "1643"]
[PlyCount "57"]
[EventDate "2012.02.10"]
[EventType "swiss"]
[EventRounds "5"]
[EventCountry "CAN"]
[SourceTitle "EXT 2022"]
[Source "ChessBase"]
[SourceDate "2021.10.06"]
[SourceVersion "1"]
[SourceVersionDate "2021.10.06"]
[SourceQuality "1"]

1. e4 e6 2. d4 d5 3. Nd2 Nf6 4. e5 Nfd7 5. Bd3 c5 6. c3 Nc6 7. Ne2 Qb6 8. Nf3 Be7 9. 0-0 c4 10. Bc2 Nf8 11. Ng3 Bd7 12. Qe2 0-0-0 13. b3 cxb3 14. axb3 f6 15. Be3 Qc7 16. c4 g5 17. cxd5 exd5 18. Nf5 Bxf5 19. Bxf5+ Nd7 20. Rfc1 h6 21. Rxa7 Nxa7 22. Rxc7+ Kxc7 23. exf6 Bxf6 24. h4 Rhg8 25. Qd2 Nc6 26. hxg5 hxg5 27. Nxg5 Bxg5 28. Bxg5 Rxg5 29. Qxg5 1-0